00877cam6a220024100 4500001001200000008004100012010002300053035001900076035002800095035002200123043001200145050001700157082001600174100006900190245007000259260002600329490006900355504002800424650008900452651002900541830005900570004000600629lce01151745690709s1968 nbuabe b 000 0 eng  a 79600250 //r892 a(Sirsi) r89666 a(DLC) 79600250 //r892 a(UPRA)lce01151745 an-us-sd0 aE78.S63bH59 a970.4/83/551 aHoffman, John Jacob, 1931-dHoffman, John Jacob, 1931-6A49209.114aThe La Roche sites,cby J. J. Hoffman. Editor: Jerome E. Petsche. aLincoln, Neb.,c1968.1 aRiver Basin Surveys. Publications in salvage archeology,vno. 11 aBibliography: p. 94-97. 0aSalvage archaeology -- South Dakota.zSalvage archaeology -- South Dakota.6S37912.1 0aLa Roche site.6S37930.1 0aPublications in salvage archeology ;vno. 11.6S8076.189666